000 01300naa a22002777a 4500
001 BR8005969
003 BR-BrBNA
005 20240918174700.0
007 ta
008 230509b bl.||||| |||| 00| 0 por d
040 _aBR-BrBNA
_bpor
_cBiblioteca Nacional de Agricultura
041 _a(Pt)
072 _aQ10
_b9410
_bG514
090 _aQ10 BR8005969
110 1 _aMinisterio da Agricultura, Brasilia, DF (Brasil). Servico de Inspecao de Produtos Agropecuarios e Materiais Agricolas
245 1 _aNormas higienico-sanitarias e tecnologicas para leite e produtos lacteos [Legislacao; Brasil]
250 1 _a10. ed.
260 3 _aSao Paulo, SP (Brasil):
_bLivraria Nobel,
_c1980.
500 _aBehmer, M.L.A. Tecnologia do leite: leite, manteiga, queijo, caseina, iogurte, sorvetes e instalacoes; producao, industrializacao, analise 10. ed. Sao Paulo, SP (Brasil): Livraria Nobel, 1980. p. 287-320 (BR8005969-AM)Q10
650 _aLEITE
650 _aPRODUTO DERIVADO DO LEITE
650 _aHIGIENE DE ALIMENTO
773 0 _tTecnologia do leite: leite, manteiga, queijo, caseina, iogurte, sorvetes e instalacoes; producao, industrializacao, analise
_aBehmer, M.L.A.
_wQ10 BR8005969
_gSao Paulo, SP (Brasil), 1980. p. 287-320
909 _a202404
_bLucia
_c55
_dLucia Elande
942 _cAM
_2AGRIS
999 _c312836
_d312836